Tom Clancy's power plays : (Record no. 40424)
[ view plain ]
| 000 -LEADER | |
|---|---|
| fixed length control field | 01035cam a2200337Ia 4500 |
| 003 - CONTROL NUMBER IDENTIFIER | |
| control field | OCoLC |
| 005 - DATE AND TIME OF LATEST TRANSACTION | |
| control field | 20241220115357.0 |
| 008 - FIXED-LENGTH DATA ELEMENTS--GENERAL INFORMATION | |
| fixed length control field | 011214s2001 nyu 000 1 eng d |
| 001 - CONTROL NUMBER | |
| control field | ocm48615053 |
| 020 ## - INTERNATIONAL STANDARD BOOK NUMBER | |
| Cancelled/invalid ISBN | 0425182142 |
| 035 ## - SYSTEM CONTROL NUMBER | |
| System control number | (Sirsi) o48615053 |
| 040 ## - CATALOGING SOURCE | |
| Original cataloging agency | MZI |
| Transcribing agency | MZI |
| Modifying agency | LEO |
| -- | SLC |
| -- | OCLCQ |
| -- | UUC |
| -- | OCLCQ |
| -- | UINTA |
| 043 ## - GEOGRAPHIC AREA CODE | |
| Geographic area code | t------ |
| 049 ## - LOCAL HOLDINGS (OCLC) | |
| Holding library | UCLB |
| 082 0# - DEWEY DECIMAL CLASSIFICATION NUMBER | |
| Classification number | 813.6 |
| Edition number | 21 |
| 090 ## - LOCALLY ASSIGNED LC-TYPE CALL NUMBER (OCLC); LOCAL CALL NUMBER (OCLC) | |
| Classification number (OCLC) (R) ; Classification number, CALL (RLIN) (NR) | PS3566.R354 |
| Local cutter number (OCLC) ; Book number/undivided call number, CALL (RLIN) | T653 2001x |
| 092 ## - LOCALLY ASSIGNED DEWEY CALL NUMBER (OCLC) | |
| Classification number | CLANCY |
| 100 1# - MAIN ENTRY--PERSONAL NAME | |
| Personal name | Clancy, Tom, |
| Dates associated with a name | 1947- |
| 9 (RLIN) | 21025 |
| 245 10 - TITLE STATEMENT | |
| Title | Tom Clancy's power plays : |
| Remainder of title | Cold war / |
| Statement of responsibility, etc | created by Tom Clancy & Martin Greenberg ; written by Jerome Preisler. |
| 246 30 - VARYING FORM OF TITLE | |
| Title proper/short title | Power plays |
| 246 30 - VARYING FORM OF TITLE | |
| Title proper/short title | Cold war |
| 260 ## - PUBLICATION, DISTRIBUTION, ETC. (IMPRINT) | |
| Place of publication, distribution, etc | New York, N.Y. : |
| Name of publisher, distributor, etc | Berkley Books, |
| Date of publication, distribution, etc | 2001. |
| 300 ## - PHYSICAL DESCRIPTION | |
| Extent | 337 p. ; |
| Dimensions | 17 cm. |
| 650 #0 - SUBJECT ADDED ENTRY--TOPICAL TERM | |
| Topical term or geographic name as entry element | Radioactive waste disposal |
| Geographic subdivision | Antarctic regions |
| Form subdivision | Fiction. |
| 9 (RLIN) | 6505933 |
| 651 #0 - SUBJECT ADDED ENTRY--GEOGRAPHIC NAME | |
| Geographic name | Antarctica |
| Form subdivision | Fiction. |
| 9 (RLIN) | 5750559 |
| 700 1# - ADDED ENTRY--PERSONAL NAME | |
| Personal name | Preisler, Jerome. |
| 9 (RLIN) | 61292 |
| 700 1# - ADDED ENTRY--PERSONAL NAME | |
| Personal name | Greenberg, Martin Harry. |
| 9 (RLIN) | 6651 |
| 942 ## - ADDED ENTRY ELEMENTS (KOHA) | |
| Koha item type | BOOK |
| 994 ## - | |
| -- | C0 |
| -- | UINTA |
| 998 ## - LOCAL CONTROL INFORMATION (RLIN) | |
| -- | a91768 |
| Withdrawn status | Lost status | Source of classification or shelving scheme | Damaged status | Not for loan | Collection code | Home library | Current library | Shelving location | Date acquired | Source of acquisition | Total Checkouts | Full call number | Barcode | Date last seen | Cost, replacement price | Price effective from | Koha item type |
|---|---|---|---|---|---|---|---|---|---|---|---|---|---|---|---|---|---|
| Dewey Decimal Classification | Fiction | Wasatch County Library | Wasatch County Library | First Floor | 04/04/2022 | Donation | F Clancy | 34301001875352 | 02/16/2024 | 7.99 | 04/04/2022 | BOOK |
